|
|
|
|
| LEADER |
01394nam a2200325 u 4500 |
| 001 |
10022014 |
| 003 |
upatras |
| 005 |
20210421172337.0 |
| 008 |
990123s1988 uk eng |
| 020 |
|
|
|a 0521313570
|
| 040 |
|
|
|a GR-PaULI
|c GR-PaULI
|
| 041 |
0 |
|
|a eng
|
| 082 |
0 |
4 |
|a 612.78
|
| 100 |
1 |
|
|a Lieberman, Philip
|9 61082
|
| 245 |
1 |
0 |
|a Speech physiology, speech perception, and acoustic phonetics
|c Philip Lieberman and Sheila E. Blumstein
|
| 260 |
|
|
|a Cambridge
|b Cambridge University Press
|c 1988
|
| 300 |
|
|
|a xv, 249 p.
|b fig.
|c 24 cm.
|
| 490 |
0 |
|
|a Cambridge studies in speech science and communication
|
| 500 |
|
|
|a Includes index
|
| 504 |
|
|
|a Includes index and bibliography
|
| 650 |
|
4 |
|a Λόγος
|9 39863
|
| 650 |
|
4 |
|a Γλώσσα και γλώσσες
|x Επικοινωνία
|9 211
|
| 650 |
|
4 |
|a Νευρογλωσσολογία
|9 25029
|
| 700 |
1 |
|
|a Blumstein, Sheila Ε.
|9 147002
|
| 760 |
0 |
|
|a Cambridge studies in speech science and communication
|
| 852 |
|
|
|a GR-PaULI
|b ΠΑΤΡΑ
|b ΦΙΛΟΛΟΓΙΑ
|k ΑΣΧΞ
|h 612.78 L
|m 041996
|p 025000006353
|t 1
|
| 942 |
|
|
|2 ddc
|c BK15
|
| 952 |
|
|
|0 0
|1 0
|2 ddc
|4 0
|6 612_780000000000000_L
|7 0
|9 185588
|a LISP
|b LISP
|c BSC
|d 2016-04-24
|i 041996
|l 2
|m 2
|o 612.78 L
|p 025000006353
|r 2024-02-13 00:00:00
|s 2023-11-27
|t 1
|w 2016-04-24
|y BK15
|x Μεταφορά Τμήματος Φιλολογίας
|
| 998 |
|
|
|c ΗΛΙΟΠΟΥΛΟΥ
|d 1999-05
|
| 999 |
|
|
|c 114353
|d 114353
|